Geography Humor Quiz Stats

 Plays Quiz Updated Feb 15, 2015

Score 0/18 Timer 07:00
5 Plays Today
% Correct
Hmm, I sphinx so
95%
Longitude, because it has 360 degrees
94.7%
Because there are so many keys
93.8%
A cow-tographer
93.1%
Duke Wellington
92.9%
It has four A's and one B
92.2%
A dozen compass roses
92%
They always fold
91.4%
Juveniles
90%
% Correct
Both are legends
89.5%
Who Framed Roger Rabat
89.4%
A New Jersey
88.5%
The North Pole
86.6%
Pennsylvania
86.6%
Mount Rushmore
86.2%
They were all squares
86.1%
The Eiffel Tower
83.6%
They Santiago
80.2%

You're not logged in!

Compare scores with friends on all Sporcle quizzes.
OR
Log In

Show Comments

Extras

Top Quizzes Today


Score Distribution

Your Account Isn't Verified!

In order to create a playlist on Sporcle, you need to verify the email address you used during registration. Go to your Sporcle Settings to finish the process.

Report this User

Report this user for behavior that violates our Community Guidelines.

Details: